000 00436nam a22001577a 4500
005 20241109142635.0
008 241109b |||||||| |||| 00| 0 eng d
020 _a9789350280041
100 _aMalik Sumeet
245 _aP.L. Malik's Criminal Court Handbook
250 _a19th Edition
260 _aLucknow, India
_bEastern Book Company
_c2010
300 _avi, 1285 pages
_c24 cm
650 _2Criminal Court
_vIndia
942 _2lcc
_cBK
_n0
999 _c960
_d960